000 00341nam a2200145Ia 4500
999 _c14129
_d14129
003 OSt
005 20260326170805.0
008 260210s9999 xx 000 0 und d
020 _a9788957701140
082 _a646.43
100 _aArchiworld
245 0 _aInterior Detail 06 : Spa Accomodation
260 _bArchiworld
942 _cBDES
_2ddc